| 000 | 00897cam a2200277 4500 | ||
|---|---|---|---|
| 001 | 9189 | ||
| 005 | 20230410115556.0 | ||
| 008 | 060907s2002 si eng | ||
| 020 | _a0470820616 | ||
| 035 | _9funglode9264 | ||
| 041 | _aeng | ||
| 050 | 1 | 4 |
_aHF 1385 _bS959c 2002 |
| 082 | 0 | 0 | _a382/.92/0951 |
| 100 | 0 | _aSupachai Panitchpakdi. | |
| 245 | 1 | 0 |
_aChina and the WTO : _bchanging China, changing World Trade / _cSupachai Panitchpakdi and Mark L. Clifford. |
| 260 |
_aSingapore : _bJ. Wiley & Sons (Asia), _c2002 |
||
| 300 |
_av, 251 p. ; _c23 cm. |
||
| 610 | 2 | 0 |
_aWorld Trade Organization _zChina. |
| 651 | 0 |
_aChina _xCommercial policy. |
|
| 651 | 0 |
_aChina _xEconomic conditions _y2000- |
|
| 650 | 4 |
_aComercio exterior _zChina. |
|
| 610 | 2 | 4 |
_aOrganizacion Mundial de Comercio _zChina. |
| 651 | 4 |
_aChina _xPolĂtica comercial. |
|
| 700 | 1 |
_aClifford, Mark, _d1957- |
|
| 942 |
_2lcc _cbk |
||
| 999 |
_c43912 _d43912 |
||